000 00962nam a2200265 i 4500
003 IT-RoINE
005 20180403053841.0
008 110527s2011 it |||||r |||1| |ita|d
040 _cIT-RoINE
_dIT-RoINE
245 0 0 _aNuovo mondo :
_bgli Spagnoli : 1493-1609 /
_c[a cura di Aldo Albònico e Giuseppe Bellini].
260 _aMilano :
_bMondadori,
_c©2011.
300 _aXXVI, 948 p. :
_bmaps. ;
_c18 cm.
336 _2rdacontent
_atext
337 _2rdamedia
_aunmediated
338 _2rdacarrier
_avolume
490 _aI classici della storia ;
_v31
500 _aIncluye índices.
504 _aBibliografía: p. [XXIII]-XXIV.
651 4 _95698
_aAmérica
_xDescubrimiento y exploración
651 4 _923106
_aAmérica Latina
_xHistoria
_y1492-1600 (Descubrimiento y conquista)
700 1 _aAlbònico, Aldo,
_d1947-1999
_946760
700 1 _aBellini, Giuseppe,
_d1923-2016
_946761
830 0 _aClassici della storia (Mondadori)
_946762
942 _cMTS
999 _c23622
_d23622